|
|
|
|
| LEADER |
00000nab a2200000 a 4500 |
| 001 |
vtls008849697 |
| 003 |
SK-MaSNL |
| 005 |
20260426090712.0 |
| 008 |
250526c2006 xo |||||||||||000 b|slo |
| 015 |
|
|
|a SNBRB2006/09
|2 snkbucl
|
| 035 |
|
|
|a (uuid)3574c1ac-1692-4ac5-9791-76af6ec73e44
|
| 035 |
|
|
|a urn:nbn:sk:snk-abxvq
|
| 035 |
|
|
|a (urnnbn)urn:nbn:sk:snk:ar-005bln
|
| 038 |
|
|
|a SNKBUCL
|
| 040 |
|
|
|a SNKBUCL
|b slo
|c SNKBUCL
|e AACR2
|
| 041 |
0 |
|
|a slo
|
| 044 |
|
|
|a xo
|c SK
|
| 080 |
|
|
|a 630*4
|x (437.6)
|2 1997
|
| 100 |
1 |
|
|a Galko, Juraj, 1982-
|4 aut
|9 10707
|
| 245 |
1 |
0 |
|a Bolo hromadné hynutie duba v 80-tych rokoch minulého storočia posledné?
|c Juraj Galko
|
| 300 |
|
|
|b Fotogr., tab.
|
| 650 |
0 |
7 |
|a lesné porasty
|2 snkbucl
|9 67666
|
| 650 |
0 |
7 |
|a dub
|2 snkbucl
|9 26426
|
| 650 |
0 |
7 |
|a poškodenie lesa
|2 snkbucl
|9 59129
|
| 650 |
0 |
7 |
|a hromadné hynutie dubov
|2 snkbucl
|9 1502734
|
| 650 |
0 |
7 |
|a ochrana lesa
|2 snkbucl
|9 2455
|
| 651 |
|
7 |
|a Slovensko
|2 snkbucl
|9 14231
|
| 773 |
0 |
|
|t Slovenské lesokruhy & Les
|g Roč. 5/62, č. máj - jún (2006), s. 24-25
|x 1336-9237
|
| 850 |
|
|
|a Slovenská národná knižnica
|
| 852 |
|
|
|a Slovenská národná knižnica
|
| 954 |
|
|
|a odborná, vedecká literatúra pôvodná (slovenská)
|2 lita
|
| 958 |
|
|
|a ONDV
|
| 958 |
|
|
|a article2022
|
| 958 |
|
|
|a SK
|
| 999 |
|
|
|c 3000447
|d 3002377
|